Argumentación, derecho y lógica: introducción lógico-filosófica al estudio de la argumentación jurídica

Збережено в:
Бібліографічні деталі
Автор: Manson Terrazas, Manuel (autor)
Формат: Книга
Мова:Іспанська
Опубліковано: Santiago Jurídicas Olejnik 2000
Серія:Colección Filosofía y Derecho
Предмети:
Теги: Додати тег
Немає тегів, Будьте першим, хто поставить тег для цього запису!

MARC

LEADER 00000nam a2200000 a 4500
001 UCO8975
003 CL-VaPUC
005 20211217074456.0
008 010112e20000000CL |||||||||||||||||spa|d
999 |c 293388  |d 293386 
020 |a 9567799075 
040 |c Pontificia Universidad Católica de Valparaíso 
082 0 4 |a 340.11  |b MAN  |2 21 
100 |a Manson Terrazas, Manuel  |e autor  |9 762433 
245 1 0 |a Argumentación, derecho y lógica: introducción lógico-filosófica al estudio de la argumentación jurídica 
260 |a Santiago  |b Jurídicas Olejnik  |c 2000 
300 |a 315 p 
490 0 |a Colección Filosofía y Derecho 
583 |a last modification  |c 20010112 00:00:00  |k Rodrigo Vera 
600 |a Kelsen, Hans  |d 1881-1973  |9 859087 
650 0 |a Filosofía del derecho   |9 255050 
650 0 |a Lógica formal  |9 372553 
650 0 |a Lógica jurídica   |9 255966 
650 0 |a Normas jurídicas  |9 258310 
852 |a BIBCUR 
942 |c BK  |2 ddc 
945 |d 20010112 00:00:00  |a vberengu 
952 |0 0  |1 0  |4 0  |6 340_110000000000000_MAN_2000  |7 0  |8 DER_TF  |9 344871  |a BIBDER  |b BIBDER  |d 2019-11-20  |i 3682544  |l 1  |o 340.11 MAN 2000  |p 3682544  |r 2023-01-25  |s 2022-10-20  |w 2019-11-20  |x Ubicación 4to Piso  |y BK  |z Estos recursos deben solicitarse con anticipación  |k DER 
952 |0 0  |1 0  |4 0  |6 340_110000000000000_MAN_2000  |7 0  |8 A  |9 344872  |a BIBDER  |b BIBDER  |d 2019-11-20  |i 4112679  |o 340.11 MAN 2000  |p 4112679  |r 2023-01-25  |w 2019-11-20  |y BK  |k DER